Siirry sisältöön

Биологическая защита растений учебник для вузов

Изложены теоретические основы биологической защиты растений. Показано практическое использование разработанных методов экологически безопасного подавления численности вредных видов. Описаны основные агенты биологического контроля вредителей, болезней и сорняков сельскохозяйственных культур (микроорг...

Täydet tiedot

Tallennettuna:
Bibliografiset tiedot
Päätekijä: Штерншис М. В.
Muut tekijät: Андреева И. В., Томилова О. Г.
Aineistotyyppi: Книга
Kieli:Russian
Julkaistu: Санкт-Петербург Лань 2025
Painos:8-е изд., стер.
Aiheet:
Linkit:https://e.lanbook.com/book/473321
https://e.lanbook.com/img/cover/book/473321.jpg
Tagit: Lisää tagi
Ei tageja, Lisää ensimmäinen tagi!
LEADER 03052nam0a2200385 i 4500
001 473321
003 RuSpLAN
005 20250410001314.0
008 250410s2025 ru gs 000 0 rus
020 |a 978-5-507-50838-9 
040 |a RuSpLAN 
041 0 |a rus 
044 |a ru 
080 |a 631.544 
084 |a 44я73  |2 rubbk 
245 0 0 |a Биологическая защита растений  |b учебник для вузов  |c Штерншис М. В.,Андреева И. В.,Томилова О. Г. 
250 |a 8-е изд., стер. 
260 |a Санкт-Петербург  |b Лань  |c 2025 
300 |a 332 с. 
504 |a Библиогр.: доступна в карточке книги, на сайте ЭБС Лань 
520 8 |a Изложены теоретические основы биологической защиты растений. Показано практическое использование разработанных методов экологически безопасного подавления численности вредных видов. Описаны основные агенты биологического контроля вредителей, болезней и сорняков сельскохозяйственных культур (микроорганизмы, энтомоакарифаги, биологически активные вещества). Дана оценка современного уровня развития биологической защиты растений. Показано усиление роли биологических методов в интегрированной защите растений, наиболее полно отвечающих целям охраны окружающей среды и здоровья человека. Для студентов, аспирантов вузов биологического и агрономического профиля и специалистов по защите растений по направлениям подготовки «Лесное дело», «Агрономия», «Садоводство», «Лесное хозяйство». 
521 8 |a Книга из коллекции Лань - Ветеринария и сельское хозяйство 
653 0 |a биологическая защита растений 
653 0 |a энтомофаги 
653 0 |a акарифаги 
653 0 |a возбудители болезней насекомых 
653 0 |a биопрепараты для защиты растений 
653 0 |a генетический метод защиты растений 
653 0 |a аллелопатики 
100 1 |a Штерншис М. В. 
700 1 |a Андреева И. В. 
700 1 |a Томилова О. Г. 
856 4 |u https://e.lanbook.com/book/473321 
856 4 8 |u https://e.lanbook.com/img/cover/book/473321.jpg 
953 |a https://e.lanbook.com/img/cover/book/473321.jpg